| 000 | 00678nam a2200241 a 4500 | ||
|---|---|---|---|
| 999 |
_c4741 _d4741 |
||
| 001 | 4741 | ||
| 003 | BD-JhCC | ||
| 005 | 20171203085021.0 | ||
| 008 | 171130s2005 ii a|||| || | 000 0 eng d | ||
| 035 | _a(BD-JhCC)4741 | ||
| 040 |
_aBD-JhCC _dBD-JhCC |
||
| 041 | _aeng | ||
| 082 |
_a327.54058 _bCON 2005 |
||
| 245 |
_aCultural Connectivity For Peach In South Asia / _cEditor by Ajeet Cour, Pankaj Bhan |
||
| 260 |
_aIndia : _bFoundation of SAARC Writers and Literature, _c2005. |
||
| 300 |
_a168 p. : _c24 cm. |
||
| 650 |
_aDiplomatic Relations _zSouth Asia |
||
| 650 | _aSAARC | ||
| 700 | _aBhan, Pankaj | ||
| 700 | _aCour, Ajeet | ||
| 942 |
_2ddc _cBK |
||